000 00929nas a2200289 4500
001 BR7900437
003 BR-BrBNA
005 20231205083617.0
007 ta
008 230509b bl.|||p| |||| 00| 00por d
040 _aBR-BrBNA
_bpor
_cBiblioteca Nacional de Agricultura
041 _a(Pt)
072 _aF40; F50
100 1 _aMarinis, G. de
100 1 _aCesar, O.
245 1 _aSobre o sistema subterraneo de Melancium campestre naud. no cerrado de Corumbatai (SP)[ecologia vegetal, Melancia do campo, estrutura vegetal, Sao Paulo, Brasil]
650 _aECOLOGIA VEGETAL
650 _aESTRUTURA VEGETAL
650 _aMELANCIA DO CAMPO
650 _aVEGETACAO
650 _aCERRADO
650 _aCORUMBATAI
650 _aSAO PAULO
773 0 _tRevista de Agricultura (Brazil)
_xISSN 0034-7655
_g(Jun 1978), v. 53(1-2) p. 48-52
_wBR7900437
909 _a202311
_bLúcia
_c55
_dLúcia Elande
942 _2AGRIS
_n0
_cANA
999 _c100037
_d100037